Library Banner

Measurement for evaluation: (Record no. 90702)

MARC details
000 -LEADER
fixed length control field 00518nam a22001937a 4500
005 - DATE AND TIME OF LATEST TRANSACTION
control field 20170201160736.0
008 - FIXED-LENGTH DATA ELEMENTS--GENERAL INFORMATION
fixed length control field 170201b xxu||||| |||| 00| 0 eng d
020 ## - INTERNATIONAL STANDARD BOOK NUMBER
International Standard Book Number 9781284040753
040 ## - CATALOGING SOURCE
Transcribing agency PK-LaUMT
082 ## - DEWEY DECIMAL CLASSIFICATION NUMBER
Classification number 613.7
Item number BAU-M
100 ## - MAIN ENTRY--PERSONAL NAME
Personal name Baumgartner, Ted A
245 ## - TITLE STATEMENT
Title Measurement for evaluation:
Remainder of title in kinesiology/
Statement of responsibility, etc Ted A. baumgartner [et al]
250 ## - EDITION STATEMENT
Edition statement 9th
260 ## - PUBLICATION, DISTRIBUTION, ETC. (IMPRINT)
Place of publication, distribution, etc Burlington:
Name of publisher, distributor, etc Jones and bartlett learning,
Date of publication, distribution, etc 2016
300 ## - PHYSICAL DESCRIPTION
Extent 426 p.
546 ## - LANGUAGE NOTE
Language note en
650 ## - SUBJECT ADDED ENTRY--TOPICAL TERM
Topical term or geographic name as entry element Kinesiology
942 ## - ADDED ENTRY ELEMENTS (KOHA)
Koha item type Books
Holdings
Withdrawn status Lost status Damaged status Home library Current library Date acquired Full call number Barcode Date last seen Price effective from Koha item type
      UMT Main Campus UMT Main Campus 2017-02-01 613.7 BAU-M 104456 2017-02-01 2017-02-01 Books